00405nam a22001577a 450000500170000001000130001702000230003003500130005303700130006608200060007910000240008524500480010926000390015727000310019630000200022720190108141755.0 aA-977930 a8175990457c125.00 aA-977930 bBPPD/PUB aN aDuggal,Kartar Singh aMitti Muslmaan ki /bby Kartar Singh Duggal aNavyug Publishersb1999cNew Delhi aHouzkasbNew Delhie110016 a140p.b24cm(Hb)